Most #1 Billboard 200 Albums - Statistics

General Stats
  • This quiz has been taken 39 times
  • The average score is 3 of 7
Answer Stats
Albums Artist % Correct
19 The Beatles
94%
9 The Rolling Stones
72%
10 Elvis Presley
63%
9 Garth Brooks
31%
11 Barbra Streisand
22%
10 Bruce Springsteen
22%
13 Jay Z
19%
No matching quizzes found
Score Distribution
Percent of People with Each Score
Percentile by Number Answered
Your Score History
You have not taken this quiz